000 00814cam a22002773a 4500
001 29448
003 PGUSA
005 20140828083634.0
008 090718s2009||||xxu|||||s|||||000 1 eng d
040 _aPGUSA
_beng
042 _adc
050 4 _aPS
100 1 _aLeinster, Murray,
_d1896-1975
245 1 0 _aPariah Planet
_h[electronic resource] /
_cMurray Leinster
260 _bProject Gutenberg,
_c2009
500 _aSee also PG#18172 version as "This World is Taboo"
506 _aPublic domain in the USA.
516 _aElectronic text
653 _aSpace medicine -- Fiction
653 _aScience fiction
653 _aLife on other planets -- Fiction
653 _aQuarantine -- Fiction
830 0 _aProject Gutenberg
_v29448
856 4 0 _uhttp://www.gutenberg.org/ebooks/29448
942 _cEB
999 _c258703
_d258703